| Tag |
First Indicator |
Second Indicator |
Subfields |
| LEADER |
00000cam a2200000 4500 |
| 001 |
in00000044697 |
| 005 |
20151007075103.0 |
| 008 |
741220s1949 enkbf b 00000 eng u |
| 010 |
|
|
|a 49049706
|
| 035 |
|
|
|a (OCoLC)01119230
|
| 035 |
|
|
|9 AAF2614AM
|
| 040 |
|
|
|c IRU
|d TXA
|d UtOrBLW
|
| 049 |
|
|
|a TXAM
|c [178443]
|
| 050 |
|
0 |
|a QL690.G7
|b F57
|
| 092 |
|
|
|a 598.2942
|b F547
|
| 100 |
1 |
|
|a Fitter, Richard.
|
| 245 |
1 |
0 |
|a London's birds.
|
| 264 |
|
1 |
|a London :
|b Collins,
|c 1949.
|
| 300 |
|
|
|a 256 pages :
|b plates, maps (on lining papers) ;
|c 21 cm.
|
| 336 |
|
|
|a text
|b txt
|2 rdacontent
|
| 337 |
|
|
|a unmediated
|b n
|2 rdamedia
|
| 338 |
|
|
|a volume
|b nc
|2 rdacarrier
|
| 504 |
|
|
|a "Biographical appendix": pages 238-243.
|
| 504 |
|
|
|a Bibliography: pages 244-248.
|
| 650 |
|
0 |
|a Birds
|z England
|z London.
|
| 999 |
|
|
|a MARS
|
| 999 |
f |
f |
|s 602674f8-37c1-342d-91fe-1c95bdc588f5
|i 54ac804d-e45c-3fe3-af14-1d8736169985
|t 0
|
| 952 |
f |
f |
|p ric
|a Texas A&M University
|b Rellis Campus
|c Joint Library Facility
|d Remote Storage
|t 0
|e QL690.G7 F57
|h Library of Congress classification
|i unmediated -- volume
|m A14801023040
|
| 998 |
f |
f |
|a QL690.G7 F57
|t 0
|l Remote Storage
|